• 首页
  • 本馆介绍
  • 公告通知
  • 最新文献
  • 馆藏检索
  • 电子资源
  • 读者导购
  • 参考咨询
  • 我的图书馆
  • 登录
  • 详细信息显示
  • 放入我的书架
  • 预约/预借图书
  • 作者相关作品
  • 分类相关作品
  • 丛书相关作品
  • 出版社相关作品

书目信息

  • 表格格式
  • 工作单格式
  • 卡片格式
题名:
冰山雪岭两千年
    
 
作者: 周正 著
分册:  
出版信息: 北京   中国展望出版社  1983
页数: 122页
开本: 19cm
丛书名:
单 册:
中图分类: G881.92
科图分类:
主题词: 登山运动-体育运动史--中国 , 体育运动史-登山运动--中国
电子资源:
ISBN:
000 00661nam0 2200241 45
001 0183010900
005 20060809164757.35
010    @dCNY0.45
091    @aCN@b11271.049
100    @a19950517d1983 emky0chiy0121 ea
101 0  @achi
102    @aCN@b110000
105    @ay z 000yd
200 10 @a冰山雪岭两千年@Abing shan xue ling liang qian nian@f周正著
210    @a北京@c中国展望出版社@d1983
215    @a122页@d19cm
606    @a登山运动-体育运动史@y中国
606    @a体育运动史-登山运动@y中国
690    @aG881.92@v3
701  0 @a周正@Azhou zheng@4著
801  0 @aCN@bTSSF@c20060809
801  2 @aCN@bNLC@c20060804
905    @a10447@dG881.92@e33
    
    冰山雪岭两千年/周正著.-北京:中国展望出版社,1983
    122页;19cm
    
    
    ISBN :CNY0.45
    
●
相关链接 在E读中查询图书 在五车中查询图书 在当当中查询图书 在豆瓣中查询图书


正题名:冰山雪岭两千年     索取号:G881.92/33         预约/预借

序号 登录号 条形码 馆藏地/架位号 状态 备注
1 0441659   204416596   密集书库/ [索取号:G881.92/33] 在馆    
2 0446744   204467442   密集书库/ [索取号:G881.92/33] 在馆    
3 0446745   204467451   密集书库/ [索取号:G881.92/33] 在馆    
4 0446936   204469360   密集书库/ [索取号:G881.92/33] 在馆    
5 0450123   204501235   密集书库/ [索取号:G881.92/33] 在馆    
唐山师范学院图书馆 欢迎您!
大连网信软件有限公司© 版权所有